Normal view
MARC view
- School integration. Domestic Fiction. Race relations.
Entry Topical Term
001 - CONTROL NUMBER
- control field: 85887
003 - CONTROL NUMBER IDENTIFIER
- control field: OSt
005 - DATE AND TIME OF LATEST TRANSACTION
- control field: 20250109101039.0
008 - FIXED-LENGTH DATA ELEMENTS
- fixed length control field: 250109|| aca||aabn | a|a d
040 ## - CATALOGING SOURCE
- Original cataloging agency: OSt
- Transcribing agency: OSt
150 ## - HEADING--TOPICAL TERM
- Topical term or geographic name as entry element: School integration. Domestic Fiction. Race relations.
- Geographic subdivision: Southern States. Alabama.
- Form subdivision: Fiction
670 ## - SOURCE DATA FOUND
- Source citation: Work cat.: (OSt)48138: Lee, Harper, author. 10072, Go set a watchman /, 2015.